Diccionario jurídico espasa (Registro nro. 25502)
[ vista simple ]
| 000 -Cabecera | |
|---|---|
| Campo de control interno | 00710nam a22002537a 4500 |
| 005 - Fecha y hora del registro | |
| control field | 20260428172008.0 |
| 008 - Elementos de Longitud Fija | |
| fixed length control field | 260427b |||||||| |||| 00| 0 spa d |
| 020 ## - ISBN | |
| ISBN | 9788467017168 |
| 041 ## - Idioma | |
| Codigo Idioma | ESP |
| 082 ## - DEWEY y NOTACIÓN INTERNA | |
| Dewey | 340.3 |
| Notación Interna | F96 |
| 100 ## - AUTOR | |
| Autor denominación | , |
| 110 ## - AUTOR INSTTITUCIONAL | |
| Autor Institucional | Fundación Tomás Moro |
| 245 ## - TÍTULO DE MATERIAL BIBLIOGRÁFICO | |
| Título | Diccionario jurídico espasa |
| 260 ## - CIUDAD, EDITORIAL, AÑO | |
| Ciudad | Madrid : |
| Nombre de la Editorial | Espasa Calpe, |
| Año | 2007 |
| 300 ## - DESCRIPCIÓN | |
| N° Páginas | 1449 páginas : |
| Otros detalles | ; |
| Dimensiones | 25 cm. |
| Material Adicional | Incluye CD |
| 440 ## - MENCIÓN DE SERIE | |
| Título de la Serie | ; |
| 650 ## - TEMAS | |
| Temas | Ciencias Sociales |
| 653 ## - DESCRIPTORES | |
| Lenguajes no controlado | Diccionario - Derecho |
| 654 ## - PROGRAMAS | |
| Programa | Dpto. de Derecho y Ciencia Política |
| 700 ## - OTROS AUTORES | |
| Otros autores | Gallardo, Alegría |
| Termino Relacionado | editor |
| 856 ## - URL - UBICACIÓN | |
| URI/URL: Enlace exacto del recurso | <a href="https://itmsp.museknowledge.com/UCSP?groupID=2">https://itmsp.museknowledge.com/UCSP?groupID=2</a> |
| Nota pública: Versión digital | <a href="Véase además: Biblioteca Digital">Véase además: Biblioteca Digital</a> |
| 942 ## - ELEMENTOS DE KOHA | |
| Tipo de documento | Diccionario |
| Nombre del creador | Justo Noguera |
| Código de catalogador | Mirtha Ponce |
| Suppress in OPAC | No |
| Esquema de clasificación | Dewey Decimal Classification |
| Codigo completo | Registro | Colección | Copia número | Disponibilidad | Tipo de préstamo | Biblioteca Actual | Procedencia (Biblioteca) | Ubicacón | Fecha Ingreso | Tipo de Adquisición | Observación | Date last seen | Total checkouts | Price effective from | Tipo de Item | Estado del Material | Fuente de Clasificación | Damaged status | Withdrawn status |
|---|---|---|---|---|---|---|---|---|---|---|---|---|---|---|---|---|---|---|---|
| 340.3 F96 | 1088648 | Universidad Católica San Pablo | 1 | No disponible | Proceso | Víctor Andrés Belaunde | Víctor Andrés Belaunde | Planta baja abierta | 27/04/2026 | Donación | Derecho | 27/04/2026 | 27/04/2026 | Diccionario | Bueno | Dewey Decimal Classification | Withdrawn |




